000 00811nam a22002057a 4500
999 _c18968
_d18968
003 AR-CdUCM
008 190516b ||||| |||| 00| 0 spa d
040 _aMUNICIPALIDAD PROVINCIAL DEL CUSCO
_cBIBLIOTECA MUNICIPAL DEL CUSCO
082 _a658 /
_bM29
100 _aMaurer, Herrymon
_939930
245 _aLa gran empresa :
_bsu desarrollo y funcionamiento /
260 _aBuenos Aires :
_bSelección contable,
_c1958.
300 _a248 páginas ;
_c23 cm.
505 _aContenido: Introducción -- Las primeras empresas -- El núcleo corporativo -- Organización de la empresa -- La gran empresa en su relación con la sociedad.
650 _aEmpresa
_9826
650 _aOrganización empresarial
_939931
700 _aBurke, Alejandro (traductor)
_939932
942 _2ddc
_cLIBROS
945 _aacv
_d2019-05-16